Countries, US States, Capitals, Elements, 100 Most Common Words: Ending with ON - Statistics

General Stats
  • This quiz has been taken 925 times
  • The average score is 17 of 26
Answer Stats
ANSWER % Correct
Argon
88%
Neon
88%
On
85%
Boron
84%
London
82%
Radon
82%
Xenon
82%
Krypton
81%
Gabon
78%
Oregon
75%
Washington
75%
Carbon
72%
Lisbon
68%
Iron
65%
Wellington
65%
Boston
64%
Lebanon
59%
Kingston
54%
Trenton
52%
Cameroon
49%
Oganesson
49%
Jackson
47%
Madison
44%
Asunción
40%
Charleston
39%
Silicon
38%
No matching quizzes found
Score Distribution
Percent of People with Each Score
Percentile by Number Answered
Your Score History
You have not taken this quiz